000 00247nam a2200109Ia 4500
008 190216s9999||||xx |||||||||||||| ||und||
100 _aNull
245 0 _aSecret World Of Animals
260 _bNational Geography
650 _aZoology
942 _cBK
999 _c37437
_d37437